| 000 | 00872nam a22002777a 4500 | ||
|---|---|---|---|
| 001 | 411735 | ||
| 003 | DO-SdBPM | ||
| 005 | 20241203123634.0 | ||
| 007 | 411735 | ||
| 008 | 991221s1999 sp | ||spa | ||
| 016 | 7 | _2BPMSU | |
| 020 | _a8481301728 | ||
| 040 |
_aDO-SdBPM _bspa _cBPMSU |
||
| 082 | 4 |
_a843.8 _bP968p 1999 _222 |
|
| 100 | 1 |
_aProust, Marcel _d1871-1922 |
|
| 240 | 1 | 0 |
_aDu côté de chez Swann _lEspañol |
| 245 | 1 | 0 |
_aPor el camino de Swann : _ben busca del tiempo perdido / _cMarcel Proust ; traducción de Pedro Salinas ; prólogo de Andrés Amorós |
| 260 |
_aMadrid : _bMilenium, _c1999 |
||
| 300 |
_a356 p. ; _c22 cm |
||
| 490 | 0 |
_aMillenium ; _aLas 100 joyas del milenio, _v58 |
|
| 590 | _aInventariado, 2024/VM | ||
| 650 | 4 | _aNovela francesa | |
| 700 | 1 |
_aAmorós, Andrés _eprólogo |
|
| 910 | _aVMateo V. Control de calidad. BPMSU | ||
| 942 |
_2ddc _cBK |
||
| 999 |
_c8716 _d8716 |
||